LEADER 00887nas a2200217 i 4500 001 000000129731 003 CaOOAMICUS 005 20070724000000.0 008 070713b1995 vc uu u0 0mul r 013 $a102464 040 $aSeMil$bita 245 10$a1994 /$cWilli Henkel. 260 $aVatican City :$bPontifical Urban[iana] University,$c1995. 300 $a345 p. ;$c24 cm. 700 1 $aHenkel, Willi .$0(OLS)http://semarc/name/3472 773 0 $tBibliographia Missionaria.$dVatican City : Pontifical Urban[iana] University, 1987.$x0394-9869$w()1990 850 $aSeMil 852 $aSeMil$W1$xVenegono$y1$m§ 199 6 158$j253288$B83838$CSeMilBibl$Z2$F87200 $85 961 $aAbbonamento: Pontificia Universitą Urbaniana 996 $6245$a1994$9(OLS)http://semarc/title/191357 996 $6260$aVatican City :$bPontifical Urban[iana] University$9(OLS)http://semarc/publisher/30494 LEADER 00978nam a2200217 i 4500 001 000000235043 003 CaOOAMICUS 005 20141028000000.0 008 141028s1955 it u000 u ita u 013 $a213946 040 $aSeMil$bita 100 1 $aGalbraith, John Kenneth <1908->.$0(OLS)http://semarc/name/43207 240 10$aAmerican Capitalism.$0(OLS)http://semarc/title/335225 245 13$aIl Capitalismo Americano :$bil concetto di potere di equilibrio /$cJohn Kenneth Galbraith. 260 $aMilano :$bEdizioni di Comunitą,$cstampa 1955. 300 $aXII, 234 p. ;$c23 cm. 650 4$aCapitalismo - Stati Uniti d'America.$0(OLS)http://semarc/subject/41821 850 $aSeMil 852 $aSeMil$W1$xVenegono$y1$m3M IV 129$j185389$B185389$CSeMilBibl$Z2$F196263 $81 996 $6245$aIl Capitalismo Americano :$bil concetto di potere di equilibrio$9(OLS)http://semarc/title/335224 996 $6260$aMilano :$bEdizioni di Comunitą$9(OLS)http://semarc/publisher/31458